00425nam a2200157 a 4500008004100000020001500041050001500056100001600071245007200087260002800159300002000187350000900207650000900216650002400225700001800249120416s1988 ||||||||||||||||| || u a0333460472 aTX 612 May aPenny, Anne10aMacmillan tropical and sub-tropical foodscSusan Mayhew; Anne Penny aLondonbMacmillanc1988 aiii, 291p.:ill. a0.00 aFOOD aFood crops--Tropics aMayhew, Susan